Najwyższe budynki na świecie ze zdjęciami - Statystyki

Ogólne statystyki
  • Ten quiz został rozwiązany 14 razy
  • Średni wynik to 5 z 15
Statystyki odpowiedzi
Obrazkowy Odpowiedź % Poprawnych
Burdż Chalifa
100%
One World Trade Center
60%
Taipei 101
50%
Abradż al-Bajt
40%
Central Park Tower
40%
Lotte World Tower
40%
Shanghai Tower
40%
Merdeka 118
30%
CITIC Tower
20%
Shanghai World Financial Center
20%
Ping An Finance Center
10%
Guangzhou CTF Finance Centre
0%
International Commerce Centre
0%
Tianjin CTF Finance Centre
0%
Wuhan Greenland Center
0%
Nie znaleziono quizów pasujących do podanych kryteriów
Rozkład punktacji
Procent ludzi z każdym wynikiem
Percentyl według liczby udzielonych odpowiedzi
Twoja historia wyników
Nie rozwiązałeś tego quizu